Representación y elecciones municipales en la República Dominicana / Pedro A. Hernández y Faustino Collado (Registro nro. 3238)

Detalles MARC
000 -LEADER
fixed length control field 00605nam a22001931a 4500
001 - CONTROL NUMBER
control field 3238
003 - CONTROL NUMBER IDENTIFIER
control field OSt
005 - DATE AND TIME OF LATEST TRANSACTION
control field 20260204211843.0
008 - FIXED-LENGTH DATA ELEMENTS--GENERAL INFORMATION
fixed length control field 040726s1998||||dr ||||||b||||||||||spa||
050 ## - LIBRARY OF CONGRESS CALL NUMBER
Classification number RD 352.0072 H43r
082 ## - DEWEY DECIMAL CLASSIFICATION NUMBER
Classification number RD 352.72 H557r
100 ## - ASIENTO PRINCIPAL -- NOMBRE PERSONAL
Personal name Hernández, Pedro A.
245 ## - TÍTULO PROPIAMENTE DICHO: SUBTÍTULO
Title Representación y elecciones municipales en la República Dominicana / Pedro A. Hernández y Faustino Collado
264 ## - PRODUCTION, PUBLICATION, DISTRIBUTION, MANUFACTURE, AND COPYRIGHT NOTICE
Place of production, publication, distribution, manufacture Santo Domingo : PUCMM
300 ## - PHYSICAL DESCRIPTION
Extensión 46 p
490 ## - MENCIÓN DE SERIE
Series statement Serie educación ciudadana No. 10
650 ## - ASIENTO SECUNDARIO DE MATERIA -- TERMINO TEMÁTICO
Termino Temático Como Elemento de Entrada 1.Gobierno Municipal - República Dominicana 2.EleccionesÌ
942 ## - ADDED ENTRY ELEMENTS (KOHA)
Source of classification or shelving scheme Dewey Decimal Classification
Koha item type Libros
Existencias
Withdrawn status Lost status Source of classification or shelving scheme Damaged status Not for loan Current library Date acquired Total Checkouts Full call number Barcode Date last seen Price effective from Koha item type
    Dewey Decimal Classification     Biblioteca UTECO 09/09/2019   RD 352.0072 H43R 007474 09/09/2019 09/09/2019 Libros
    Dewey Decimal Classification     Biblioteca UTECO 09/09/2019   RD 352.0072 H43R 007475 09/09/2019 09/09/2019 Libros
    Dewey Decimal Classification     Biblioteca UTECO 09/09/2019   RD 352.0072 H43R 007476 09/09/2019 09/09/2019 Libros
    Dewey Decimal Classification     Biblioteca UTECO 09/09/2019   RD 352.0072 H43R 007477 09/09/2019 09/09/2019 Libros
    Dewey Decimal Classification     Biblioteca UTECO 09/09/2019   RD 352.0072 H43R 010593 09/09/2019 09/09/2019 Libros
    Dewey Decimal Classification     Biblioteca UTECO 09/09/2019   RD 352.0072 H43R 010594 09/09/2019 09/09/2019 Libros
    Dewey Decimal Classification     Biblioteca UTECO 09/09/2019   RD 352.0072 H43R 010595 09/09/2019 09/09/2019 Libros
© 2021 Derechos Reservados UTECO - Teléfono: +1 809-585-2291 - Correo electrónico: biblioteca@uteco.edu.do​  
Código postal 43000 ​​
Dirección: Avenida Universitaria No. 100, 
Cotuí, Provincia Sánchez Ramírez, República Dominicana - RNC: 404-00059-6